12か月の誕生石 - Statistics

General Stats
  • This quiz has been taken 37 times
  • The average score is 13 of 28
Answer Stats
Picture Hint Answer % Correct
4月 ダイヤモンド
94%
6月 真珠
94%
5月 エメラルド
88%
2月 アメシスト
82%
7月 ルビー
82%
9月 サファイア
79%
1月 ガーネット
70%
3月 アクアマリン
64%
12月 トルコ石
64%
10月 オパール
55%
12月 ラピスラズリ
55%
5月 ひすい
48%
8月 ペリドット
48%
6月 アレキサンドライト
39%
3月 さんご
36%
11月 トパーズ
36%
2月 クリソベリルキャッツアイ
33%
4月 モルガナイト
24%
6月 ムーンストーン
24%
12月 タンザナイト
24%
8月 スピネル
21%
10月 トルマリン
21%
11月 シトリン
21%
3月 ブラッドストーン
18%
3月 アイオライト
18%
12月 ジルコン
18%
7月 スフェーン
15%
9月 クンツァイト
15%
No matching quizzes found
Score Distribution
Percent of People with Each Score
Percentile by Number Answered
Your Score History
You have not taken this quiz